000 00560nam a22002057a 4500
008 131112b xxu||||| |||| 00| 0 alb d
020 _a9789994345113
041 0 _aalb
080 _a338.48
_x(075.8)
100 1 _aKoja, Vita
245 1 0 _aMarketingu i turizmit /
_cVita Koja, Klodiana Gorica
260 _a[Tiranë] :
_balbPAPER ;
_c2007.
300 _a254 f. ;
_c23 cm.
500 _aParathënie : f. [5]-6
505 _aLiteratura : f. [249]-254
650 0 _2Turizmi
650 0 _aTregëtia turistike
700 1 _aGorica, Klodiana
942 _2udc
_cBK
999 _c285
_d285